Northwestern Alumni - Statistics

General Stats
  • This quiz has been taken 51 times
    44 since last reset
  • The average score is 16 of 50
Answer Stats
Hint Answer % Correct
Founder of Playboy Hugh Hefner
93%
Actress who is married to Prince Harry, also known for her role as Rachel Zane in "Suits" Meghan Markle
88%
Actress best known for her role as Elaine Benes in "Seinfeld" Julia Louis-Dreyfus
83%
Singer, rapper and record producer, "Happy" "Blurred Lines" "Get Lucky" Pharrell Williams
83%
Host of "The Late Show" on CBS since 2015 Stephen Colbert
83%
Actor, "Ben-Hur" "The Ten Commandments" "Planet of the Apes" Charlton Heston
80%
Actor best known for his role as Ross Geller in "Friends" David Schwimmer
80%
One of the most popular supermodels during the 1980s and 1990s, mother of Kaia Gerber Cindy Crawford
65%
Author of "A Song of Ice and Fire" George R. R. Martin
65%
Governor of Illinois since 2019 J. B. Pritzker
60%
Host of his own tabloid talk show from 1991 to 2018, host of America's Got Talent from 2007 to 2008 and mayor of Cincinnati from 1977 to 1978 Jerry Springer
60%
White House Chief of Staff from 2009 to 2010 and mayor of Chicago from 2011 to 2019 Rahm Emanuel
60%
Host of a late-night talk show on NBC since 2014 Seth Meyers
60%
Actor and director, "Bonnie and Clyde" "Reds" "Shampoo" Warren Beatty
55%
Governor of Illinois from 2003 to 2009, he was impeached and convicted for public corruption Rod Blagojevich
50%
Actress best known for her role as Jess Day in "New Girl" Zooey Deschanel
48%
Senator from South Dakota from 1963 to 1981 and Democratic nominee in the 1972 U.S. presidential election George McGovern
45%
Owner of the Chicago Bulls and Chicago White Sox Jerry Reinsdorf
38%
Actor best known for her role as J.D. in "Scrubs" Zach Braff
38%
Actress, "Ozark" "Mystic River" "The Truman Show" Laura Linney
30%
Football head coach at his alma mater from 2006 to 2022 and at Michigan State since 2026 Pat Fitzgerald
28%
Director, "Pretty Woman" "The Princess Diaries" Garry Marshall
25%
Actor and comedian, "Billy on the Street" "Bros" "The Lion King" Billy Eichner
23%
First commissioner of baseball from 1920 to 1944, best rememebered for his resolution of the Black Sox Scandal Kenesaw Mountain Landis
23%
Hall of Fame quarterback who played for the Cleveland Browns Otto Graham
23%
Actress best known for her role as Skyler White in "Breaking Bad" Anna Gunn
20%
President of basketball operations of the Philadelphia 76ers since 2020 and GM of the Houston Rockets from 2007 to 2020 Daryl Morey
18%
Actress and comedian, "Bad Moms" "Spider-Man: Into the Spider-Verse" "WandaVision" "Crossing Jordan" Kathryn Hahn
18%
Writer who received the Nobel Prize in Literature, "Henderson the Rain King" "The Adventures of Augie March" "Humboldt's Gift" Saul Bellow
18%
First African American woman to earn a pilot's license and first to run for Congress Willa Brown
18%
Governor of Massachusetts from 2015 to 2023 and President of the NCAA since 2023 Charlie Baker
15%
Associate justice of the Supreme Court from 1975 to 2010 John Paul Stevens
15%
Member of Congress from 1977 to 2005, House Majority Leader from 1989 to 1995 and House Minority Leader from 1995 to 2003 Dick Gephardt
13%
Senator from North Dakota since 2011 and Governor of North Dakota from 2000 to 2010 John Hoeven
13%
Owner of the Chicago Blackhawks until his death in 2023 Rocky Wirtz
13%
Governor of Illinois from 2009 to 2015 Pat Quinn
10%
Golfer who won the U.S. Open 2022 Matt Fitzpatrick
8%
Actress who is best known for her role as Lexi Howard in "Euphoria" Maude Apatow
8%
Actor, "Curb Your Enthusiasm" "Mad About You" "Tick, Tick..Boom!" Richard Kind
8%
Actress, "George Lopez" "Lucifer" "Dexter" Aimee Garcia
5%
CEO of Guggenheim Partners and co-cowner of the Los Angeles Dodgers and Chelsea Mark Walter
5%
Author of the "Divergent" trilogy Veronica Roth
5%
Prime minister of Belgium since 2020 Alexander De Croo
3%
Cornerback who plays for the Jacksonville Jaguars Greg Newsome II
3%
Prime Minister of Sweden from 1986 to 1991 and again from 1994 to 1996, best known for leading Sweden into the European Union Ingvar Carlsson
3%
Actor, "The Fall of the House of Usher" "Friday Night Lights" "The Midnight Club" Zach Gilford
3%
President of Ecuador since 2023 Daniel Noboa
0%
Majority owner of the Charlotte Hornets Gabe Plotkin
0%
Actress best known for her role as Rebecca Ahn in "The Bling Ring" Katie Chang
0%
Actor best known for his roles as Dr. Michael Gallant in "ER" and Clinton Jones in "White Collar" Sharif Atkins
0%
No matching quizzes found
Score Distribution
Percent of People with Each Score
Percentile by Number Answered
Your Score History
You have not taken this quiz since the last reset